=LDR 00000nam 2200000 4500 =001 INLIS000000000027453 =005 20130612125828 =008 ***********************************Ind** =035 ##$$0010-061300000027453 =041 ##$$a Ind =082 ##$$a 745.5 =090 ##$$a 745.5, Isw a =100 ##$$a Iswari, Diah =245 ##$$a Aneka kerajinan dari kelapa, Diah Iswari =260 ##$$a 2003 $b Jakarta =300 ##$$a iv, 62 hlm., ilus., 24 cm =650 ##$$a Kerajinan industri =850 ##$$a NBPNMAT